Povinný sociálny fond
Tvorba a použitie sociálneho fondu, ktorý je, podľa zákona NR SR č.152/1994 Z.z. o sociálnom fonde a o zmene a doplnení zákona č.286/1992 Zb. o daniach z príjmov v znení neskorších predpisov, povinný tvoriť každý zamestnávateľ. Zákon v platnosti od 1.9.1994.
Salvato in:
| Natura: | Capitolo di libro |
|---|---|
| Lingua: | slovacco |
| Soggetti: | |
| Tags: |
Nessun Tag, puoi essere il primo ad aggiungerne!!
|
MARC
| LEADER | 00000naa a2200000 4500 | ||
|---|---|---|---|
| 001 | r015550 | ||
| 005 | 20221213114640.7 | ||
| 041 | 0 | |a slo | |
| 044 | |a SK | ||
| 245 | 1 | 0 | |a Povinný sociálny fond |
| 520 | |a Tvorba a použitie sociálneho fondu, ktorý je, podľa zákona NR SR č.152/1994 Z.z. o sociálnom fonde a o zmene a doplnení zákona č.286/1992 Zb. o daniach z príjmov v znení neskorších predpisov, povinný tvoriť každý zamestnávateľ. Zákon v platnosti od 1.9.1994. | ||
| 610 | 2 | 0 | |a fondy podnikové podporné |
| 610 | 2 | 0 | |a politika sociálna podniková |
| 610 | 2 | 0 | |a zákony |
| 610 | 2 | 0 | |a predpisy právne |
| 610 | 2 | 0 | |a Slovensko |
| 610 | 2 | 0 | |a 1994 |
| 610 | 2 | 0 | |a zamestnávatelia |